000 00542nam a22001817a 4500
003 DO-SdBNP
005 20171205093814.0
008 171121b ck||||| |||| 00| 0 spa d
020 _a9684510055
040 _aBPMSU
_bspa
_cBPMSU
100 _aChiavenato , Idalberto
245 _aIntroduccion a la teoría general de la administración
_cIdalberto Chiavenato
260 _aCalí, Colombia
_bMacgraw-Hill Latinoamericana
_c1976
300 _a586 p.
_c23 cm
942 _2ddc
_cBK
945 _ainventariado extranjero / DG
956 _adgarcia
999 _c12973
_d12973